<?xml version="1.0" encoding="UTF-8"?>
<collection xmlns="http://www.loc.gov/MARC21/slim">
<record>
  <controlfield tag="001">161592</controlfield>
  <controlfield tag="005">20250613111201.0</controlfield>
  <datafield tag="037" ind1=" " ind2=" ">
    <subfield code="a">TAZ-TFG-2018-2715</subfield>
  </datafield>
  <datafield tag="041" ind1=" " ind2=" ">
    <subfield code="a">spa</subfield>
  </datafield>
  <datafield tag="100" ind1="1" ind2=" ">
    <subfield code="a">Campos Arregui, Sonia</subfield>
  </datafield>
  <datafield tag="242" ind1="0" ind2="0">
    <subfield code="a">Big-Five and first-time: risk and protection factors in drug use</subfield>
  </datafield>
  <datafield tag="245" ind1="0" ind2="0">
    <subfield code="a">Los cinco grandes y la edad de inicio: factores de riesgo y protección en el consumo de drogas</subfield>
  </datafield>
  <datafield tag="260" ind1=" " ind2=" ">
    <subfield code="a">Zaragoza</subfield>
    <subfield code="b">Universidad de Zaragoza</subfield>
    <subfield code="c">2018</subfield>
  </datafield>
  <datafield tag="500" ind1=" " ind2=" ">
    <subfield code="a">Aporta en secretaría material físico. Resumen disponible también en Inglés.</subfield>
  </datafield>
  <datafield tag="506" ind1=" " ind2=" ">
    <subfield code="a">by-nc-sa</subfield>
    <subfield code="b">Creative Commons</subfield>
    <subfield code="c">3.0</subfield>
    <subfield code="u">http://creativecommons.org/licenses/by-nc-sa/3.0/</subfield>
  </datafield>
  <datafield tag="520" ind1=" " ind2=" ">
    <subfield code="a">Los rasgos de personalidad han mostrado ser predictores estables del consumo de drogas. El objetivo de este estudio fue analizar conjuntamente el nivel de relación entre los cinco factores de personalidad con el consumo de drogas, además de con otras variables sociodemográficas. La muestra estuvo compuesta de 444 personas que de forma voluntaria y anónima completaron un cuestionario de datos sociodemográficos (sexo y edad), frecuencia de consumo de drogas (YRBS), y de rasgos de personalidad (Mini-IPIP). Los análisis de regresión mostraron que tanto la edad de inicio, el sexo como algunos factores de personalidad predijeron conjuntamente el 19,5% del consumo de alcohol, el 35,1% del consumo de marihuana y el 17,4% del consumo de otras drogas. Se encontró que la extraversión funciona como un factor de riesgo en el consumo de alcohol y marihuana, también la apertura a la experiencia en el consumo de marihuana. Se halló que la amabilidad funciona como factor de protección en el consumo de otras drogas junto con la responsabilidad, que también funciona en el consumo de marihuana y alcohol. Por lo tanto, para una prevención eficaz habrá que tener en cuenta todas las variables citadas anteriormente y los rasgos de personalidad específicos para cada sustancia.&lt;br /></subfield>
  </datafield>
  <datafield tag="521" ind1=" " ind2=" ">
    <subfield code="a">Graduado en Psicología</subfield>
  </datafield>
  <datafield tag="540" ind1=" " ind2=" ">
    <subfield code="a">Derechos regulados por licencia Creative Commons</subfield>
  </datafield>
  <datafield tag="700" ind1=" " ind2=" ">
    <subfield code="a">Martínez Molina, Agustín</subfield>
    <subfield code="e">dir.</subfield>
  </datafield>
  <datafield tag="710" ind1="2" ind2=" ">
    <subfield code="a">Universidad de Zaragoza</subfield>
    <subfield code="b">Psicología y Sociología</subfield>
    <subfield code="c">Metod. de las Ciencias del Comportamiento</subfield>
  </datafield>
  <datafield tag="856" ind1="0" ind2=" ">
    <subfield code="f">699253@celes.unizar.es</subfield>
  </datafield>
  <datafield tag="856" ind1="4" ind2=" ">
    <subfield code="s">233778</subfield>
    <subfield code="u">http://zaguan.unizar.es/record/161592/files/TAZ-TFG-2018-2715.pdf</subfield>
    <subfield code="y">Memoria (spa)</subfield>
  </datafield>
  <datafield tag="909" ind1="C" ind2="O">
    <subfield code="o">oai:zaguan.unizar.es:161592</subfield>
    <subfield code="p">driver</subfield>
    <subfield code="p">trabajos-fin-grado</subfield>
  </datafield>
  <datafield tag="950" ind1=" " ind2=" ">
    <subfield code="a"></subfield>
  </datafield>
  <datafield tag="980" ind1=" " ind2=" ">
    <subfield code="a">TAZ</subfield>
    <subfield code="b">TFG</subfield>
    <subfield code="c">FCSH</subfield>
  </datafield>
  <datafield tag="999" ind1=" " ind2=" ">
    <subfield code="a">20180705191427.CREATION_DATE</subfield>
  </datafield>
  <datafield tag="951" ind1=" " ind2=" ">
    <subfield code="a">deposita:2025-06-13</subfield>
  </datafield>
</record>
</collection>